Horrorfilm-Quiz - Statistiken

Allgemein
  • Dieses Quiz wurde 454 mal gespielt
  • Das Durchschnittsergebnis liegt bei 5 aus 15
Antwortstatistiken
Hint Antwort % Korrekt
Rote Ballons Es
98%
Splatter-Reihe mit insgesamt 9 Teilen Saw
64%
Ein Paar filmt jede Nacht ihr Schlafzimmer Paranormal Activity
56%
Du kannst dem Tod nicht entkommen Final Destination
43%
Umbrella Corporation Resident Evil
41%
"Komm lass uns unsere Großeltern besuchen" The Visit
32%
Hütte im Wald + Am Ende regnet es Blut... was denn wohl sonst ?! Evil Dead
28%
Eine alte Frau tarnt sich als kleines Kind. Orphan
28%
Blinder Mann bekommt unerwarteten Besuch Don't Breathe
25%
Columbus, Tallahassee, Wichita und Little Rock Zombieland
18%
Das Ewigreich Insidious
12%
Die Kinder einer Mutter leiden an einer Lichtallergie The Others
12%
Eine Geheimorganisation möchte wissen, was nach dem Tod passiert und nimmt dafür alle Mittel zur Hand Martyrs
7%
Eine Frau glaubt nicht an den Tod ihres Mannes und wird von Ihm heimgesucht Der Unsichtbare
6%
"Willkommen zu unserer Show: Während Sie schlafen" Rec
2%
Keine übereinstimmenden Quizze gefunden
Verteilung der Resultate
Anzahl Personen mit jedem Resultat
Perzentil nach korrekt beantworteten Fragen
Ihre Resultats-Entwicklung
Sie haben dieses Quiz noch nicht gespielt